[Event "Challenge"]
[Site "http://www.queenalice.com/game.php?id=629137"]
[Date "2009.8.2"]
[Round "-"]
[White "ReidoBaralho"]
[Black "gfxman"]
[Result "0-1"]
[WhiteElo "1652"]
[BlackElo "1707"]

1. e4 e5 2. Qh5 d6 3. Bc4 g6 4. Qf3 Nf6 5. d4 b6 6. Bg5 Bg7 7. Bxf6 Qxf6 8. Qb3
O-O 9. Nc3 Be6 10. d5 Bd7 11. Nf3 Qf4 12. Ne2 Qxe4 13. Bd3 Qg4 14. O-O e4 15. h3
Qf5 16. Nh4 Qg5 17. g3 exd3 18. cxd3 Bxh3 19. Nf3 Qg4 20. Nh2 Qxe2 21. Rfe1 Qh5
22. Re4 Nd7 23. Rh4 Qf5 24. Rf4 Qe5 25. Nf3 Qh5 26. d4 Rfe8 27. Rh4 Qf5 28. Kh2
Bg4 29. Ng1 Bxd4 30. f3 Bxg1+ 31. Kxg1 Bxf3 32. Rf1 Re2 33. Rxf3 Re1+ 34. Kf2
Qe5 35. Qc2 Re8 36. g4 Qd4+ 37. Kg3 Rg1+ 38. Kh2 Rxg4 39. Rhh3 Qe5+ 40. Rhg3
Rxg3 41. Rxg3 Qh5+ 42. Rh3 Re2+ 0-1

[Event "Challenge"]
[Site "http://www.queenalice.com/game.php?id=629413"]
[Date "2009.8.2"]
[Round "-"]
[White "piemme"]
[Black "gfxman"]
[Result "1-0"]
[WhiteElo "1783"]
[BlackElo "1716"]

1. d4 d5 2. Nc3 e6 3. e3 Nf6 4. Bb5+ c6 5. Be2 Bb4 6. Bd2 O-O 7. Nf3 Ne4 8. a3
Bxc3 9. Bxc3 Nxc3 10. bxc3 Nd7 11. c4 Nb6 12. cxd5 Nxd5 13. O-O b6 14. Bc4 b5
15. Bd3 Nf6 16. a4 b4 17. Qd2 Qd6 18. Rab1 Rb8 19. Ng5 Ng4 20. Bxh7+ Kh8 21. g3
f6 22. f3 1-0

[Event "Challenge"]
[Site "http://www.queenalice.com/game.php?id=633159"]
[Date "2009.8.8"]
[Round "-"]
[White "sunking"]
[Black "gfxman"]
[Result "0-1"]
[WhiteElo "1787"]
[BlackElo "1731"]

1. d4 d5 2. Nc3 Nf6 3. e4 dxe4 4. Be3 Nc6 5. h3 Bf5 6. d5 Nb4 7. a3 Nbxd5 8.
Nxd5 Nxd5 9. c4 Nxe3 10. fxe3 Qxd1+ 11. Rxd1 c5 12. Ne2 g6 13. Nf4 Bg7 14. b4
Bc3+ 15. Kf2 cxb4 16. a4 O-O 17. g4 Bd7 18. Rxd7 b3 19. Nd5 b2 20. Nxc3 Rab8 21.
Rxe7 Rfe8 22. Nd5 b1=Q 23. Bg2 Qb2+ 24. Kg3 Rxe7 25. Nxe7+ Kh8 26. Bxe4 Qe5+ 27.
Kf3 Qxe7 28. Rd1 Re8 29. Rd5 Qxe4+ 30. Kg3 Qxe3+ 31. Kh4 h6 32. g5 Re4# 0-1

[Event "Game 3"]
[Site "http://www.queenalice.com/game.php?id=635509"]
[Date "2009.8.13"]
[Round "-"]
[White "gfxman"]
[Black "Saintsalles"]
[Result "0-1"]
[WhiteElo "1680"]
[BlackElo "1850"]

1. c4 c5 2. Nc3 Nc6 3. Nf3 e5 4. e4 d6 5. d3 Bg4 6. h3 Bxf3 7. Qxf3 Nd4 8. Qd1
Nf6 9. Bg5 Be7 10. Nd5 Nxd5 11. Bxe7 Nxe7 12. Qa4+ Nec6 13. Qd1 Qa5+ 14. Qd2
Qxd2+ 15. Kxd2 Nb4 16. a3 Nb3+ 17. Ke1 Nc2+ 18. Kd1 Ncxa1 19. g4 Nd4 20. Kd2
Nab3+ 21. Kc3 Na5 22. Bg2 Ne2+ 23. Kd2 Nf4 24. Rg1 Nb3+ 25. Ke3 Nd4 26. Re1
Nxg2+ 0-1

[Event "Game 2"]
[Site "http://www.queenalice.com/game.php?id=635539"]
[Date "2009.8.13"]
[Round "-"]
[White "cme"]
[Black "gfxman"]
[Result "1-0"]
[WhiteElo "1824"]
[BlackElo "1749"]

1. e4 c5 2. Nf3 d6 3. Nc3 g6 4. Bc4 Bg7 5. d3 Be6 6. Be3 b6 7. O-O Bxc4 8. dxc4
Bxc3 9. bxc3 Nf6 10. Qd3 h6 11. Rfe1 g5 12. Rad1 e5 13. Nxg5 hxg5 14. Bxg5 d5
15. Bxf6 Qxf6 16. Qxd5 Nc6 17. Qd7+ Kf8 18. Rd6 Qd8 19. Qxc6 Qh4 20. Qxa8+ Kg7
21. Qd5 Qxh2+ 22. Kf1 Qh1+ 23. Ke2 Qh5+ 24. Kd2 Qg5+ 25. Re3 Qh5 26. Rg3+ Kh7
27. Rh3 1-0

[Event "CALDAS NOVAS V"]
[Site "http://www.queenalice.com/game.php?id=635909"]
[Date "2009.8.13"]
[Round "-"]
[White "perucona"]
[Black "gfxman"]
[Result "1-0"]
[WhiteElo "1557"]
[BlackElo "1715"]

1. e4 e5 2. d4 d6 3. d5 Nf6 4. Nc3 Nc6 5. dxc6 bxc6 6. Bg5 h6 7. Bxf6 Qxf6 8.
Qf3 Be7 9. Qxf6 Bxf6 10. O-O-O Be6 11. Kb1 d5 12. exd5 cxd5 13. Nf3 e4 14. Nd2
c6 15. Be2 Bxc3 16. bxc3 a6 17. Nb3 a5 18. Rhe1 1-0

[Event "Challenge"]
[Site "http://www.queenalice.com/game.php?id=635957"]
[Date "2009.8.13"]
[Round "-"]
[White "spawnwolfwolverine"]
[Black "gfxman"]
[Result "1-0"]
[WhiteElo "1718"]
[BlackElo "1723"]

1. c4 c5 2. d3 Nf6 3. e4 e5 4. Bg5 d6 5. g3 g6 6. Bh3 Bxh3 7. Nxh3 Qd7 8. Bxf6
Rg8 9. Ng1 g5 10. Nc3 Qe6 11. Nd5 Nd7 12. Nc7# 1-0

[Event "Challenge"]
[Site "http://www.queenalice.com/game.php?id=637491"]
[Date "2009.8.16"]
[Round "-"]
[White "spawnwolfwolverine"]
[Black "gfxman"]
[Result "1-0"]
[WhiteElo "1790"]
[BlackElo "1749"]

1. c4 e5 2. d3 Nc6 3. e4 Nf6 4. Bg5 d6 5. g3 Bg4 6. Qxg4 Nxg4 7. Bxd8 Rxd8 8.
Bh3 Nf6 9. Nc3 Nb4 10. O-O-O g6 11. f4 Bh6 12. a3 Nc6 13. Nd5 Nxd5 14. cxd5 Nd4
15. Kb1 exf4 16. gxf4 Bxf4 17. Bg2 b5 18. Nf3 Nb3 19. d4 a5 20. e5 dxe5 21. dxe5
O-O 22. e6 fxe6 23. dxe6 Rxd1+ 24. Rxd1 a4 25. Nd4 Rd8 26. e7 1-0

[Event "Challenge"]
[Site "http://www.queenalice.com/game.php?id=637492"]
[Date "2009.8.16"]
[Round "-"]
[White "gfxman"]
[Black "spawnwolfwolverine"]
[Result "0-1"]
[WhiteElo "1735"]
[BlackElo "1659"]

1. e4 e5 2. Nf3 d6 3. Bc4 Bg4 4. h3 Bxf3 5. Qxf3 Nf6 6. O-O Be7 7. Nc3 O-O 8.
Nd5 Nxd5 9. Bxd5 c6 10. Bc4 b5 11. Bb3 a5 12. d3 a4 13. Qg4 Bf6 14. Bh6 axb3 15.
cxb3 d5 16. f4 dxe4 17. fxe5 Qd4+ 18. Rf2 Qxe5 19. Raf1 Qd4 20. Kh1 Nd7 21. Rxf6
g6 22. R6f4 Qxb2 23. Bxf8 Nxf8 24. Rxf7 Qxa2 25. Qf4 Qa3 26. Rxf8+ Rxf8 27. Qc1
Rxf1+ 28. Qxf1 Qxb3 29. dxe4 Qe6 30. Qe2 b4 31. Qa6 b3 32. Qa8+ Kg7 33. Qb7+ Kh6
34. Qb4 b2 35. Qxb2 Qxe4 36. Qc1+ g5 37. Qf1 c5 38. Qf6+ Kh5 39. Qf7+ Kh4 40.
Kh2 Qf4+ 41. Qxf4+ gxf4 42. Kg1 c4 43. Kf1 c3 44. Ke1 c2 45. Kd2 Kg3 46. h4 Kxh4
47. Kxc2 Kg3 48. Kd2 Kxg2 0-1

[Event "Challenge"]
[Site "http://www.queenalice.com/game.php?id=652777"]
[Date "2009.9.15"]
[Round "-"]
[White "cme"]
[Black "gfxman"]
[Result "1-0"]
[WhiteElo "2108"]
[BlackElo "1600"]

1. e4 e5 2. Nf3 Nc6 3. Bc4 d6 4. d3 Nf6 5. Be3 Bg4 6. h3 Bxf3 7. Qxf3 Be7 8. Nc3
O-O 9. O-O-O a6 10. h4 b5 11. Bb3 Qd7 12. h5 Qg4 13. Rdg1 Qxf3 14. gxf3 g6 15.
hxg6 hxg6 16. Rh3 Nh5 17. Rxh5 Bf6 18. Rxg6+ Bg7 19. Rhg5 Rae8 20. Rxg7+ 1-0

[Event "Challenge"]
[Site "http://www.queenalice.com/game.php?id=659463"]
[Date "2009.9.28"]
[Round "-"]
[White "ORNELAS"]
[Black "gfxman"]
[Result "1-0"]
[WhiteElo "1754"]
[BlackElo "1703"]

1. d4 d5 2. Nf3 Nf6 3. e3 Bf5 4. Nbd2 e6 5. c3 Bg4 6. h3 Bxf3 7. gxf3 Nc6 8. Nb3
Bd6 9. Bd2 O-O 10. Qc2 a6 11. O-O-O b5 12. Kb1 a5 13. Bxb5 a4 14. Bxc6 1-0

[Event "Gfxman/Popeye"]
[Site "http://www.queenalice.com/game.php?id=676148"]
[Date "2009.11.1"]
[Round "-"]
[White "Popeye"]
[Black "gfxman"]
[Result "1-0"]
[WhiteElo "1714"]
[BlackElo "1695"]

1. d4 d5 2. Nc3 Nf6 3. h3 e6 4. a3 Bd6 5. Bg5 Nc6 6. e3 O-O 7. Bb5 a6 8. Bxc6
bxc6 9. Bxf6 Qxf6 10. Nf3 e5 11. b4 1-0

[Event "Challenge"]
[Site "http://www.queenalice.com/game.php?id=690959"]
[Date "2009.11.30"]
[Round "-"]
[White "bish"]
[Black "gfxman"]
[Result "1-0"]
[WhiteElo "1724"]
[BlackElo "1611"]

1. d4 d5 2. c4 Nc6 3. Nf3 Nf6 4. e3 Bg4 5. Nc3 g6 6. h3 Bf5 7. Bd3 Bxd3 8. Qxd3
Bg7 9. O-O O-O 10. b3 b6 11. Bb2 Nb4 12. Qd2 Bh6 13. a3 1-0

[Event "Challenge"]
[Site "http://www.queenalice.com/game.php?id=695168"]
[Date "2009.12.9"]
[Round "-"]
[White "Popeye"]
[Black "gfxman"]
[Result "1-0"]
[WhiteElo "1800"]
[BlackElo "1620"]

1. d4 d5 2. Nc3 Nf6 3. h3 Nc6 4. e3 e6 5. a3 e5 6. Bb5 exd4 7. Bxc6+ bxc6 8.
Qxd4 Bf5 9. Qe5+ Be6 10. Nge2 Qd6 11. Qxd6 Bxd6 12. Nd4 c5 13. Ndb5 O-O 14. Nxd6
cxd6 15. Nb5 1-0

[Event "Challenge"]
[Site "http://www.queenalice.com/game.php?id=695743"]
[Date "2009.12.10"]
[Round "-"]
[White "Saintsalles"]
[Black "gfxman"]
[Result "1-0"]
[WhiteElo "1657"]
[BlackElo "1582"]

1. e4 e5 2. Nf3 Nc6 3. Bb5 a6 4. Bxc6 dxc6 5. Nxe5 Nf6 6. d3 Bd6 7. Nc4 Ng4 8.
h3 Ne5 9. Nxe5 Bxe5 10. c3 O-O 11. d4 Bf6 12. e5 Qe8 13. O-O Be7 14. Bf4 Bf5 15.
g4 Be6 16. g5 Rd8 17. b4 Qd7 18. h4 f6 19. gxf6 gxf6 20. Kh2 f5 21. Bh6 1-0

[Event "Challenge"]
[Site "http://www.queenalice.com/game.php?id=738534"]
[Date "2010.2.27"]
[Round "-"]
[White "gfxman"]
[Black "Popeye"]
[Result "0-1"]
[WhiteElo "1598"]
[BlackElo "1607"]

1. e4 e5 2. Nf3 d6 3. Nc3 a6 4. b3 Nf6 5. Bc4 h6 6. O-O Bg4 7. h3 Bxf3 8. Qxf3
Nc6 9. Qd1 Nd4 10. Bb2 Be7 11. f3 b5 12. Bd3 c6 13. f4 Nd7 14. b4 c5 15. bxc5
Nxc5 0-1

[Event "Challenge"]
[Site "http://www.queenalice.com/game.php?id=739025"]
[Date "2010.2.28"]
[Round "-"]
[White "gfxman"]
[Black "babycrocket"]
[Result "0-1"]
[WhiteElo "1569"]
[BlackElo "1853"]

1. e4 e5 2. Nf3 Nc6 3. Nc3 d6 4. Bb5 Bd7 5. b3 Nf6 6. O-O Be7 7. d3 h6 8. d4
exd4 9. Nxd4 Ne5 10. Nd5 c6 11. Nxf6+ Bxf6 12. Bd3 Qb6 13. Nf5 Bxf5 14. exf5
Nxd3 15. cxd3 Bxa1 0-1

[Event "Challenge"]
[Site "http://www.queenalice.com/game.php?id=873732"]
[Date "2010.12.18"]
[Round "-"]
[White "gfxman"]
[Black "Popeye"]
[Result "0-1"]
[WhiteElo "1564"]
[BlackElo "1532"]

1. e4 e5 2. Nc3 Nf6 3. Bc4 a6 4. Nf3 h6 5. O-O Nc6 6. b3 d6 7. Bb2 Bg4 8. Qe1
Bxf3 9. gxf3 Nh5 10. Nd5 Nf4 11. Nxf4 exf4 12. Qc1 Be7 13. d4 g5 14. d5 Ne5 15.
Bxe5 dxe5 16. Qd1 b5 17. Bd3 Bc5 18. Qe1 Qd6 19. Rb1 O-O-O 20. b4 Bd4 21. a3 c6
22. dxc6 Qxc6 23. Qc1 Qc3 24. Rd1 h5 25. h3 Rdg8 26. Qd2 g4 0-1